000
00245nam a2200085Ia 4500
245
0
_a
International cuisine
100
_a
MacVEIGH, Jeremy Clifton Park, NY, 2009 1st ed
_9
100050
942
_c
BK
008
210817s9999 xx 000 0 und d
999
_c
427509
_d
427508